[Event "CZE-ch Betsys Online Blitz"]
[Site "Chess.com INT"]
[Date "2021.04.17"]
[Round "12"]
[White "Koller, Martin"]
[Black "Vnoucek, Martin"]
[Result "1-0"]
[WhiteElo "1832"]
[BlackElo "1441"]
[PlyCount "25"]
[EventDate "2021.04.17"]
[EventType "swiss (blitz)"]
[EventRounds "13"]
[EventCountry "CZE"]
[SourceTitle "CBM 201 Extra"]
[Source "ChessBase"]
[SourceDate "2021.05.31"]
[SourceVersion "1"]
[SourceVersionDate "2021.05.31"]
[SourceQuality "1"]

1. d4 d5 2. c4 Nf6 3. Nf3 Nc6 4. g3 e6 5. Bg2 Bb4+ 6. Bd2 Bxd2+ 7. Nbxd2 dxc4 8. Nxc4 Bd7 9. 0-0 Qe7 10. Rc1 0-0-0 11. Qc2 h5 12. Nce5 Nxe5 13. Qxc7# 1-0

[Event "Prague Holiday M11"]
[Site "Prague"]
[Date "2016.07.18"]
[Round "3"]
[White "Hentzgen, Thomas"]
[Black "Koller, Martin"]
[Result "1/2-1/2"]
[WhiteElo "2061"]
[BlackElo "1970"]
[PlyCount "111"]
[EventDate "2016.07.17"]
[EventType "tourn"]
[EventRounds "9"]
[EventCountry "CZE"]
[SourceTitle "EXT 2023"]
[Source "ChessBase"]
[SourceDate "2022.10.05"]
[SourceVersion "1"]
[SourceVersionDate "2022.10.05"]
[SourceQuality "1"]

1. d4 Nf6 2. c4 g6 3. Nc3 Bg7 4. e4 d6 5. Be2 0-0 6. Nf3 e5 7. 0-0 Nc6 8. d5 Ne7 9. Qc2 Nd7 10. Rd1 h6 11. Ne1 f5 12. f3 Nf6 13. Nd3 f4 14. a4 g5 15. Bd2 Ng6 16. Be1 h5 17. a5 g4 18. c5 Rf7 19. cxd6 cxd6 20. Nb5 Ne8 21. Rdc1 Bf8 22. Kh1 Rg7 23. Nb4 Nh4 24. fxg4 hxg4 25. g3 Nf3 26. Bxf3 gxf3 27. Ra3 Qg5 28. Rxf3 Bg4 29. Rc3 Nf6 30. Nc7 Rc8 31. Ne6 Bxe6 32. dxe6 Rxc3 33. Qxc3 fxg3 34. Bxg3 Nxe4 35. Qc4 Nxg3+ 36. hxg3 d5 37. Nxd5 Qxg3 38. Nf6+ Kh8 39. Qe2 Rg6 40. Rf1 Rh6+ 41. Nh5 Qh4+ 42. Qh2 Qxh2+ 43. Kxh2 Rxh5+ 44. Kg3 Kg8 45. Kg4 Rh2 46. Rf7 Rxb2 47. Rd7 e4 48. e7 Bxe7 49. Rxe7 Rb5 50. Kf4 Kf8 51. Rh7 Ke8 52. a6 Kd8 53. Rxb7 Rxb7 54. axb7 Kc7 55. b8Q+ Kxb8 56. Kxe4 1/2-1/2

[Event "CZE-chT2A 1516"]
[Site "Czech Republic"]
[Date "2016.01.24"]
[Round "6.6"]
[White "Koller, Martin"]
[Black "Rut, Vojtech"]
[Result "0-1"]
[WhiteElo "1858"]
[BlackElo "2128"]
[PlyCount "142"]
[EventDate "2015.10.18"]
[EventType "team-tourn"]
[EventRounds "11"]
[EventCountry "CZE"]
[SourceTitle "EXT 2022"]
[Source "ChessBase"]
[SourceDate "2021.10.06"]
[SourceVersion "1"]
[SourceVersionDate "2021.10.06"]
[SourceQuality "1"]
[WhiteTeam "Karlovy Vary"]
[BlackTeam "Vysehrad II"]
[WhiteTeamCountry "CZE"]
[BlackTeamCountry "CZE"]

1. f4 g6 2. Nf3 Bg7 3. d4 d5 4. e3 Nf6 5. Bd3 Bg4 6. 0-0 0-0 7. h3 Bxf3 8. Qxf3 e6 9. c3 Qe7 10. Nd2 c5 11. Rb1 Nc6 12. b3 cxd4 13. cxd4 Rfc8 14. Bb2 Qb4 15. Qe2 Qa5 16. a3 a6 17. Rfc1 Na7 18. Rc5 Rxc5 19. b4 Rc1+ 20. Rxc1 Qb6 21. Nb3 Rc8 22. Rxc8+ Nxc8 23. Qc2 Nd6 24. Kf2 Nfe4+ 25. Ke2 Bf8 26. Nc5 Qc6 27. Nxe4 Qxc2+ 28. Bxc2 dxe4 29. g4 b5 30. Bb3 Bg7 31. Bc3 Nc8 32. Be1 Nb6 33. Bh4 Kf8 34. Bd8 Nd5 35. Bxd5 exd5 36. Kf2 Ke8 37. Bb6 Bf6 38. Kg3 Kd7 39. Bc5 Bd8 40. Bf8 Ke6 41. Bc5 Bc7 42. Kf2 Bd8 43. Kg3 Bc7 44. Kf2 a5 45. Bf8 Kf6 46. g5+ Kf5 47. Kg3 f6 48. h4 a4 49. Kh3 fxg5 50. hxg5 Bxf4 51. exf4 Kxf4 52. Kg2 Ke3 53. Kf1 Kxd4 54. Ke2 Kc3 55. Bc5 d4 56. Kd1 Kd3 57. Bd6 e3 58. Be5 Ke4 59. Bf6 d3 60. Bc3 Kf3 61. Bd4 Kf4 62. Bf6 Ke4 63. Bc3 Kd5 64. Bf6 Kc4 65. Be5 Kb3 66. Bd4 Kxa3 67. Bxe3 Kxb4 68. Kc1 Kb3 69. Kb1 a3 70. Kc1 b4 71. Bf4 Ka2 0-1

[Event "Prague Holiday M21"]
[Site "Prague"]
[Date "2015.07.29"]
[Round "6"]
[White "Koller, Martin"]
[Black "Sittinger, Lutz"]
[Result "1-0"]
[WhiteElo "1913"]
[BlackElo "1909"]
[PlyCount "95"]
[EventDate "2015.07.26"]
[EventType "tourn"]
[EventRounds "9"]
[EventCountry "CZE"]
[SourceTitle "EXT 2017"]
[Source "ChessBase"]
[SourceDate "2016.10.25"]
[SourceVersion "1"]
[SourceVersionDate "2016.10.25"]
[SourceQuality "1"]

1. d4 d5 2. c4 e6 3. Nc3 Nf6 4. cxd5 exd5 5. Bg5 Be7 6. e3 0-0 7. Bd3 Be6 8. Qc2 Nbd7 9. Nge2 h6 10. h4 b6 11. Nf4 c5 12. Bf5 Bxf5 13. Qxf5 cxd4 14. exd4 Re8 15. 0-0-0 Ne4 16. Bxe7 Qxe7 17. Nfxd5 Qe6 18. Qxe6 fxe6 19. Nxe4 exd5 20. Nc3 Rac8 21. Rhe1 Nf6 22. f3 Kf7 23. g4 g5 24. hxg5 hxg5 25. Kd2 a6 26. Kd3 Kg6 27. Re5 Rcd8 28. Rde1 Rh8 29. Rf5 Rd6 30. Ree5 Rh2 31. Rxg5+ Kf7 32. Rgf5 Kg6 33. Nxd5 Rxb2 34. Rxf6+ Rxf6 35. Nxf6 Kxf6 36. g5+ Kg6 37. f4 Rxa2 38. Re6+ Kf5 39. Rf6+ Kg4 40. g6 Ra3+ 41. Ke4 Kh5 42. Rxb6 a5 43. Ra6 a4 44. f5 Kh6 45. Ra7 Ra1 46. Rh7+ Kg5 47. g7 Re1+ 48. Kd3 1-0

[Event "Klatovy op-B"]
[Site "Klatovy"]
[Date "2013.07.04"]
[Round "6"]
[White "Severin, Lev"]
[Black "Koller, Martin"]
[Result "0-1"]
[WhiteElo "2053"]
[BlackElo "1740"]
[PlyCount "80"]
[EventDate "2013.06.29"]
[EventType "swiss"]
[EventRounds "9"]
[EventCountry "CZE"]
[SourceTitle "EXT 2014"]
[Source "ChessBase"]
[SourceDate "2013.11.20"]
[SourceVersion "1"]
[SourceVersionDate "2013.11.20"]
[SourceQuality "1"]

1. e4 e6 2. d4 d5 3. Nd2 c5 4. exd5 exd5 5. dxc5 Bxc5 6. Bd3 Nf6 7. Ndf3 Ng4 8. Nh3 0-0 9. 0-0 Qb6 10. c3 Re8 11. Qc2 h6 12. Bf4 Be6 13. b4 Bd6 14. Bxd6 Qxd6 15. Kh1 Nd7 16. Nhg1 Nde5 17. h3 Nxf3 18. Nxf3 Nf6 19. Bf5 Re7 20. Nd4 Bd7 21. Rfe1 Rae8 22. Rxe7 Rxe7 23. Bxd7 Qxd7 24. Qf5 Qc7 25. Qd3 Ne4 26. Kg1 Qxc3 27. Qxc3 Nxc3 28. a4 Ne2+ 29. Nxe2 Rxe2 30. Rd1 Re4 31. Rb1 f5 32. f3 Rd4 33. Kf2 Kf7 34. Ke3 Rc4 35. g3 Ke6 36. a5 Ke5 37. f4+ Kd6 38. b5 Kc5 39. b6 a6 40. g4 d4+ 0-1

[Event "Klatovy op-B"]
[Site "Klatovy"]
[Date "2013.06.29"]
[Round "1"]
[White "Koller, Martin"]
[Black "Mareska, Daniel"]
[Result "1/2-1/2"]
[WhiteElo "1740"]
[BlackElo "1615"]
[PlyCount "98"]
[EventDate "2013.06.29"]
[EventType "swiss"]
[EventRounds "9"]
[EventCountry "CZE"]
[SourceTitle "EXT 2014"]
[Source "ChessBase"]
[SourceDate "2013.11.20"]
[SourceVersion "1"]
[SourceVersionDate "2013.11.20"]
[SourceQuality "1"]

1. f4 d5 2. d4 f5 3. Nf3 Nf6 4. e3 e6 5. Ne5 Be7 6. Bd3 Nbd7 7. Nd2 c5 8. c3 0-0 9. Ndf3 Qe8 10. Bd2 c4 11. Bc2 Qh5 12. Qe2 Nxe5 13. Nxe5 Qxe2+ 14. Kxe2 Bd7 15. Be1 Bd6 16. Nf3 b5 17. h3 h6 18. Bh4 Ne4 19. Bxe4 fxe4 20. Nd2 b4 21. Rhb1 Rfb8 22. Be1 bxc3 23. bxc3 Rxb1 24. Rxb1 Rb8 25. Rxb8+ Bxb8 26. Nf1 Kf7 27. Kd2 Bd6 28. Bh4 Bc7 29. Kc2 h5 30. Kb2 g6 31. Nd2 Bc6 32. Nb1 Ke8 33. Na3 Bd6 34. Nc2 a5 35. Ne1 Bc7 36. g4 hxg4 37. hxg4 Bd7 38. Ng2 Kf7 39. Bg5 Bc6 40. Nh4 Bd7 41. a3 a4 42. Ng2 Bc6 43. f5 exf5 44. gxf5 gxf5 45. Bf4 Bd8 46. Bd6 Bg5 47. Kc2 Kg6 48. Kd2 Kh5 49. Ke2 Kg4 1/2-1/2

[Event "Ricany op"]
[Site "Ricany"]
[Date "2012.08.26"]
[Round "2"]
[White "Koller, Martin"]
[Black "Skvaril, Michal"]
[Result "1-0"]
[WhiteElo "1900"]
[BlackElo "1728"]
[PlyCount "69"]
[EventDate "2012.08.26"]
[EventType "swiss"]
[EventRounds "9"]
[EventCountry "CZE"]
[SourceTitle "CBM 150 Extra"]
[Source "ChessBase"]
[SourceDate "2012.10.19"]
[SourceVersion "1"]
[SourceVersionDate "2012.10.19"]
[SourceQuality "1"]

1. d4 d5 2. c4 e6 3. Nc3 Nf6 4. cxd5 exd5 5. Bg5 Be7 6. e3 0-0 7. Bd3 c6 8. Qc2 h6 9. Bf4 Bd6 10. Bxd6 Qxd6 11. Nge2 Nbd7 12. Ng3 Nb6 13. 0-0 Be6 14. f3 Rfe8 15. Rad1 Rad8 16. Kh1 Qb8 17. Qf2 Re7 18. h3 Qc8 19. e4 dxe4 20. fxe4 Red7 21. e5 Nfd5 22. Nce4 Qc7 23. a3 Re7 24. Nf5 Bxf5 25. Qxf5 Nd7 26. Rf3 Nf8 27. Nd6 Rdd7 28. Rdf1 Nb6 29. Qg4 Ne6 30. Nxf7 Rxf7 31. Qxe6 Kf8 32. Bg6 Rde7 33. Rxf7+ Rxf7 34. Rxf7+ Qxf7 35. Qxf7# 1-0

[Event "Ricany op"]
[Site "Ricany"]
[Date "2012.08.26"]
[Round "1"]
[White "Vanka, Miloslav"]
[Black "Koller, Martin"]
[Result "1-0"]
[WhiteElo "2129"]
[BlackElo "1900"]
[PlyCount "75"]
[EventDate "2012.08.26"]
[EventType "swiss"]
[EventRounds "9"]
[EventCountry "CZE"]
[SourceTitle "CBM 150 Extra"]
[Source "ChessBase"]
[SourceDate "2012.10.19"]
[SourceVersion "1"]
[SourceVersionDate "2012.10.19"]
[SourceQuality "1"]

1. e4 e5 2. Bc4 Nf6 3. d3 c6 4. Nf3 d5 5. Bb3 Bd6 6. Nc3 d4 7. Ne2 0-0 8. Ng3 Be6 9. c3 Qb6 10. 0-0 c5 11. Bxe6 fxe6 12. cxd4 cxd4 13. Nd2 Bc7 14. Nc4 Qc5 15. a4 Nbd7 16. b4 Qe7 17. Ba3 Qf7 18. Rc1 Rfc8 19. b5 h5 20. f3 Qg6 21. Ne2 Nb6 22. Qb3 Nfd7 23. Kh1 Kh7 24. Rc2 Bd8 25. f4 Nxc4 26. Rxc4 Qg4 27. Rxc8 Rxc8 28. Qd1 Ba5 29. Bd6 exf4 30. h3 Qh4 31. Nxf4 Nf6 32. Be7 e5 33. Bxf6 gxf6 34. Nxh5 Bd8 35. Qf3 Qg5 36. Nxf6+ Bxf6 37. Qxf6 Qxf6 38. Rxf6 1-0

[Event "Prague Holiday K31"]
[Site "Prague"]
[Date "2012.07.30"]
[Round "3"]
[White "Hapke, Ralf"]
[Black "Koller, Martin"]
[Result "1/2-1/2"]
[WhiteElo "1945"]
[BlackElo "1900"]
[PlyCount "81"]
[EventDate "2012.07.29"]
[EventType "tourn"]
[EventRounds "9"]
[EventCountry "CZE"]
[SourceTitle "EXT 2023"]
[Source "ChessBase"]
[SourceDate "2022.10.05"]
[SourceVersion "1"]
[SourceVersionDate "2022.10.05"]
[SourceQuality "1"]

1. Nc3 Nf6 2. e4 e5 3. f4 d5 4. fxe5 Nxe4 5. Nf3 Bc5 6. d4 Bb4 7. Bd2 Bg4 8. Be2 Nxd2 9. Qxd2 0-0 10. a3 Be7 11. Nd1 Nd7 12. Nf2 Be6 13. Nd3 c6 14. 0-0 Qc7 15. Rae1 c5 16. c3 Rae8 17. Bd1 Qc6 18. h3 cxd4 19. Nxd4 Qb6 20. Kh1 Nc5 21. Nxc5 Bxc5 22. Bc2 Bxd4 23. cxd4 Rc8 24. Rf4 Rc7 25. Rh4 h6 26. Re3 f5 27. exf6 Rxf6 28. Rg3 Bc8 29. Bd3 Qc6 30. Rh5 Qc1+ 31. Qxc1 Rxc1+ 32. Kh2 Be6 33. Re5 Rc7 34. Rge3 Bf7 35. Kg3 Kf8 36. Rf3 Rcc6 37. Rxf6 Rxf6 38. Be2 Rg6+ 39. Kf2 Rb6 40. b4 Rc6 41. Bf3 1/2-1/2

[Event "Ricany op-A"]
[Site "Ricany"]
[Date "2011.08.25"]
[Round "7"]
[White "Adamik, Frantisek"]
[Black "Koller, Martin"]
[Result "0-1"]
[WhiteElo "1891"]
[BlackElo "1758"]
[PlyCount "39"]
[EventDate "2011.08.20"]
[EventType "swiss"]
[EventRounds "9"]
[EventCountry "CZE"]
[SourceTitle "CBM 144 Extra"]
[Source "ChessBase"]
[SourceDate "2011.10.28"]
[SourceVersion "1"]
[SourceVersionDate "2011.10.28"]
[SourceQuality "1"]

1. e4 e5 2. Nf3 Nc6 3. Bc4 Nf6 4. Ng5 d5 5. exd5 b5 6. Bxb5 Qxd5 7. Qe2 Qxg2 8. Qxe5+ Be7 9. Rf1 0-0 10. Qg3 Qd5 11. Nc3 Qd7 12. d3 Rb8 13. Qg2 Rxb5 14. Nxb5 Nb4 15. Na3 Re8 16. Rg1 Nxd3+ 17. Kf1 Nf4 18. Bxf4 Ba6+ 19. c4 Qd3+ 20. Ke1 0-1

[Event "Ricany op-A"]
[Site "Ricany"]
[Date "2011.08.23"]
[Round "5"]
[White "Koller, Martin"]
[Black "Paulovic, Milan"]
[Result "1-0"]
[WhiteElo "1758"]
[BlackElo "1933"]
[PlyCount "99"]
[EventDate "2011.08.20"]
[EventType "swiss"]
[EventRounds "9"]
[EventCountry "CZE"]
[SourceTitle "CBM 144 Extra"]
[Source "ChessBase"]
[SourceDate "2011.10.28"]
[SourceVersion "1"]
[SourceVersionDate "2011.10.28"]
[SourceQuality "1"]

1. d4 Nf6 2. c4 d5 3. Nc3 e6 4. cxd5 exd5 5. Bg5 c6 6. e3 Be7 7. Bd3 h6 8. Bf4 Bd6 9. Nge2 0-0 10. 0-0 Bg4 11. f3 Be6 12. Qd2 Nh5 13. Bxd6 Qxd6 14. e4 g5 15. e5 Qe7 16. f4 gxf4 17. Nxf4 Qg5 18. Rf2 Nxf4 19. Rxf4 f5 20. Raf1 Nd7 21. Qf2 Rae8 22. h4 Qh5 23. Bxf5 Rxf5 24. Rxf5 Bxf5 25. Qxf5 Qxf5 26. Rxf5 Re6 27. Kf2 Kg7 28. Kf3 b5 29. Ne2 b4 30. Nf4 Re8 31. Nh5+ Kg6 32. g4 a5 33. Nf6 Re7 34. Nxd7 Rxd7 35. Rf6+ Kg7 36. Rxc6 Rf7+ 37. Ke3 Rf1 38. Rc5 Ra1 39. Rxa5 b3 40. a3 Rb1 41. Kd3 Rg1 42. g5 Rg3+ 43. Kd2 Rg2+ 44. Kc3 Rg3+ 45. Kb4 hxg5 46. hxg5 Kg6 47. Rxd5 Kxg5 48. Rc5 Kf5 49. Rc3 Rxc3 50. Kxc3 1-0

[Event "Kouty nad Desnou op-B"]
[Site "Kouty nad Desnou"]
[Date "2011.03.19"]
[Round "9"]
[White "Novak, Martin"]
[Black "Koller, Martin"]
[Result "0-1"]
[WhiteElo "1498"]
[BlackElo "1702"]
[PlyCount "90"]
[EventDate "2011.03.12"]
[EventType "swiss"]
[EventRounds "9"]
[EventCountry "CZE"]
[SourceTitle "EXT 2014"]
[Source "ChessBase"]
[SourceDate "2013.11.20"]
[SourceVersion "1"]
[SourceVersionDate "2013.11.20"]
[SourceQuality "1"]

1. e4 e6 2. d4 d5 3. Nc3 Bb4 4. a3 Bxc3+ 5. bxc3 Qh4 6. e5 Bd7 7. Nf3 Qe7 8. Bd3 Nc6 9. Ng5 g6 10. Qf3 h6 11. Qh3 Qf8 12. Nf3 0-0-0 13. Bg5 Nge7 14. Bf6 Rg8 15. 0-0 Re8 16. a4 Nf5 17. g4 Nfe7 18. Kh1 Nb8 19. a5 Bc6 20. Qh4 Nd7 21. a6 b6 22. Rfb1 g5 23. Qg3 Nxf6 24. exf6 Ng6 25. Ne5 Nxe5 26. Qxe5 Qd6 27. Qxd6 cxd6 28. Kg2 e5 29. Bb5 Kc7 30. Bxc6 Kxc6 31. Re1 Rg6 32. Re2 Rxf6 33. Kg3 Rf4 34. h4 Re6 35. hxg5 hxg5 36. Rd2 e4 37. c4 Ref6 38. cxd5+ Kxd5 39. Rh1 Rf3+ 40. Kg2 R6f4 41. Rh7 Rxg4+ 42. Kh2 Rh4+ 43. Rxh4 gxh4 44. Kg2 h3+ 45. Kh2 Kc4 0-1

[Event "Kouty nad Desnou op-B"]
[Site "Kouty nad Desnou"]
[Date "2011.03.18"]
[Round "8"]
[White "Koller, Martin"]
[Black "Kladnak, Martin"]
[Result "0-1"]
[WhiteElo "1702"]
[BlackElo "1583"]
[PlyCount "62"]
[EventDate "2011.03.12"]
[EventType "swiss"]
[EventRounds "9"]
[EventCountry "CZE"]
[SourceTitle "EXT 2014"]
[Source "ChessBase"]
[SourceDate "2013.11.20"]
[SourceVersion "1"]
[SourceVersionDate "2013.11.20"]
[SourceQuality "1"]

1. f4 d5 2. Nf3 Nf6 3. d4 g6 4. e3 Bg7 5. c4 e6 6. Nc3 0-0 7. Ne5 b6 8. b3 Bb7 9. cxd5 Nxd5 10. Nxd5 Bxd5 11. Qc2 Qd6 12. Bd3 Nd7 13. Nxd7 Qxd7 14. 0-0 c5 15. Bb2 Rac8 16. Qe2 Rfd8 17. Bb5 Qd6 18. e4 Ba8 19. e5 Qe7 20. dxc5 Qxc5+ 21. Rf2 Rd5 22. a4 Rcd8 23. Ba3 Qd4 24. Rc1 Bf8 25. Bxf8 Kxf8 26. Rc7 a5 27. g3 Qb4 28. Bc4 Rd4 29. Rf1 Rd2 30. Rxf7+ Kxf7 31. Bxe6+ Ke7 0-1

[Event "Kouty nad Desnou op-B"]
[Site "Kouty nad Desnou"]
[Date "2011.03.17"]
[Round "7"]
[White "Hanl, Frantisek"]
[Black "Koller, Martin"]
[Result "0-1"]
[WhiteElo "1628"]
[BlackElo "1702"]
[PlyCount "62"]
[EventDate "2011.03.12"]
[EventType "swiss"]
[EventRounds "9"]
[EventCountry "CZE"]
[SourceTitle "EXT 2014"]
[Source "ChessBase"]
[SourceDate "2013.11.20"]
[SourceVersion "1"]
[SourceVersionDate "2013.11.20"]
[SourceQuality "1"]

1. e4 e6 2. d4 d5 3. exd5 exd5 4. Bd3 Nf6 5. Bg5 Bd6 6. Nd2 0-0 7. Ne2 c5 8. c3 Re8 9. 0-0 Bxh2+ 10. Kh1 Bd6 11. Qc2 h6 12. dxc5 hxg5 13. cxd6 Qxd6 14. Ng3 Ng4 15. Nf3 Qh6+ 16. Kg1 Nc6 17. Bf5 Bxf5 18. Qxf5 Nce5 19. Rfe1 Nxf3+ 20. Qxf3 Qh2+ 21. Kf1 Nf6 22. Rad1 Qh4 23. Rd4 Rxe1+ 24. Kxe1 Qh2 25. c4 g4 26. Qf5 dxc4 27. Rxc4 Qg1+ 28. Ke2 Rd8 29. Rc2 Qd1+ 30. Ke3 Qd4+ 31. Ke2 Re8+ 0-1

[Event "Kouty nad Desnou op-B"]
[Site "Kouty nad Desnou"]
[Date "2011.03.16"]
[Round "6"]
[White "Koller, Martin"]
[Black "Liduch, Filip"]
[Result "0-1"]
[WhiteElo "1702"]
[BlackElo "1648"]
[PlyCount "60"]
[EventDate "2011.03.12"]
[EventType "swiss"]
[EventRounds "9"]
[EventCountry "CZE"]
[SourceTitle "EXT 2014"]
[Source "ChessBase"]
[SourceDate "2013.11.20"]
[SourceVersion "1"]
[SourceVersionDate "2013.11.20"]
[SourceQuality "1"]

1. b3 d5 2. Bb2 Nf6 3. e3 g6 4. c4 e6 5. d4 Bg7 6. Nf3 0-0 7. Bd3 b6 8. Nbd2 Bb7 9. Qc2 Nbd7 10. 0-0-0 c5 11. dxc5 Nxc5 12. Nb1 Nxd3+ 13. Rxd3 Rc8 14. Nc3 Qe7 15. Nb5 dxc4 16. bxc4 Be4 17. Ba3 Bxd3 18. Bxe7 Bxc2 19. Kxc2 Rxc4+ 20. Kd3 Rfc8 21. Rd1 Nd5 22. Ba3 Rc3+ 23. Kd2 Rc2+ 24. Ke1 Nc3 25. Nxc3 R2xc3 26. Bb4 Rc1 27. Ke2 R8c2+ 28. Rd2 Bf8 29. Kd3 Rxd2+ 30. Kxd2 Ra1 0-1

[Event "CZE-ch U18 Girls/sf U18"]
[Site "Czech Republic"]
[Date "2008.??.??"]
[Round "3"]
[White "Koller, Martin"]
[Black "Marikova, Jana"]
[Result "1-0"]
[WhiteElo "1622"]
[BlackElo "1772"]
[PlyCount "93"]
[EventDate "2008.??.??"]
[EventType "swiss"]
[EventRounds "9"]
[EventCountry "CZE"]
[SourceTitle "EXT 2011"]
[Source "ChessBase"]
[SourceDate "2010.11.26"]
[SourceVersion "1"]
[SourceVersionDate "2010.11.26"]
[SourceQuality "1"]

1. b3 Nf6 2. Nf3 g6 3. Bb2 Bg7 4. e3 0-0 5. Be2 d5 6. 0-0 c5 7. d3 Nc6 8. Nbd2 Re8 9. Re1 e5 10. e4 d4 11. Rc1 Nh5 12. g3 Nf6 13. c3 Nd7 14. cxd4 cxd4 15. a4 Nb6 16. Nc4 Nxc4 17. Rxc4 Be6 18. Rc1 Qb6 19. Qd2 Qxb3 20. Bd1 Qb6 21. Ba3 Qd8 22. Rb1 b6 23. Ng5 Na5 24. Nxe6 Rxe6 25. Bb4 Nc6 26. Bb3 Re8 27. Bd5 Rc8 28. Qa2 Qd7 29. Bd2 Bf8 30. Rec1 Bc5 31. f4 Rc7 32. fxe5 Nxe5 33. Rf1 Kg7 34. Bf4 f6 35. Bxe5 Rxe5 36. Rf3 Be7 37. Rbf1 Qd8 38. Qf2 Rc3 39. g4 g5 40. h4 Ra3 41. Rf5 Rxf5 42. Qxf5 h6 43. h5 Qe8 44. Qe6 Qf8 45. e5 f5 46. Rxf5 Ra1+ 47. Kg2 1-0